00827nam a2200205 i 450000100060000000300090000600500170001500700030003200800410003510000360007624501240011226000510023630000350028749000620032250000670038470000290045171000480048083000620052885200310059035154ES-MaACL20250930063042.0t|030212s1946 mx ||||1| spa d1 aBolívar, Simón, d1783-183010aBolívar en México b: 1799-1832 / cSimón Bolívar ; compilación, prólogo y notas de Rafael Heliodoro Valle. aMéxico : b[s.n., c1946] (fImprentas L.D.) aXXIII, P. 28-141 p. ; c24 cm.1 aPublicación de la Secretaría de Relaciones Exteriores aPrecede al tít.: Archivo Histórico Diplomático Mexicano.1 aValle, Rafael Heliodoro.2 aArchivo Histórico Diplomático Mexicano.0 aPublicación de la Secretaría de Relaciones Exteriores aES-MaACLjC-5555 bR.26104